000 00349nam a2200145Ia 4500
008 150201s2008 xx 000 0 und d
082 _a612.015
_bP08C
100 _aCOX, MICHAEL M.
245 _aPRINCIPLES OF BIOCHEMISTRY
250 _a5TH
260 _bFREEMAN
_aNEW YORK
_c2008
300 _a1-1158
650 _aBIOCHEMISTRY
942 _2ddc
_cBK
_021
999 _c303
_d303